000 00478nam a2200145 a 4500
008 120416s0000 ||||||||||||||||| || u
020 _a0582415764
050 _aTA 330 Bir
100 _aBird, J. O
245 1 0 _aStatistics for technicians
260 _aLondon
_bLongman
_c1981
300 _aviii, 124p. : ill.
350 _a0.00
995 _D0.00
_FCBU-MAIN LIBRARY (Kitwe)
_H2
_I3.95
_M1
_UDAMAGED
_ZMain Library Open Access Collection
999 _c58379
_d58379